000 00434nam a2200169Ia 4500
008 230524s9999 xx 000 0 und d
020 _a9788173719226
082 _bKUM
100 _aR Srinivasa Kumar
_942838
245 0 _aPavement Evaluation & Maintenance Management System
250 _a1
260 _aNew Delhi
_bNew Age Pub
_c2015
300 _a"XV,560p;"
500 _aQuantity Number: 1
650 _aCivil
942 _cBK
999 _c57811
_d57811